| 000 | 00362nam a2200145 a 4500 | ||
|---|---|---|---|
| 001 | 3357 | ||
| 003 | CDMR | ||
| 005 | 20130116135243.0 | ||
| 008 | 130130s1987||||||||||||||||||||||||||||d | ||
| 040 |
_aCDMR _bcat _cCPC GIRONA |
||
| 100 | 1 |
_aLorés, Jaume _92421 |
|
| 245 | 1 | 0 |
_aReptes de Catalunya (1985) _cLorés, Jaume |
| 260 |
_c1987 _bLa llar del llibre |
||
| 942 | _cMON | ||
| 999 |
_c3357 _d3357 |
||